Equity and trusts /

Saved in:
Bibliographic Details
Main Author: Bakibinga, David J.
Format: Book
Language:English
Published: Nairobi, Kenya : LawAfrica Pub., 2011.
Subjects:
Tags: Add Tag
No Tags, Be the first to tag this record!

MARC

LEADER 00000cam a22000002 4500
001 0000057437
003 Daystar
005 20221022020009.0
008 131125s xx 000 0 eng d
020 |a 9966153272 : 
040 |a Daystar  |d Dmoga 
050 1 |a KSK490  |b .B355  
100 1 |a Bakibinga, David J. 
245 1 0 |a Equity and trusts /  |c David J. Bakibinga. 
260 |a Nairobi, Kenya :  |b LawAfrica Pub.,  |c 2011. 
300 |a xxii, 30, 10, 423 p. 
504 |a Includes bibliographical references and index. 
650 0 |a Equity   |z Kenya. 
650 0 |a Trusts and trustees   |z Kenya. 
908 |a 131125 
942 |c G  |0 9 
952 |0 0  |1 0  |2 lcc  |4 0  |6 KSK0490 B355 02011  |7 0  |9 64852  |a DULS  |b DUA  |c GC  |d 2017-09-28  |g 0.00  |l 5  |m 3  |o KSK490.B355 2011  |p BK95071  |r 2026-03-30 10:41:58  |s 2026-03-30  |w 2017-09-28  |x 95071  |y RES 
952 |0 0  |1 0  |2 lcc  |4 0  |6 KSK0490 B355 02011  |7 0  |9 64853  |a DULS  |b DUA  |c GC  |d 2017-09-28  |g 0.00  |l 7  |m 7  |o KSK490.B355 2011  |p BK95073  |q 2026-05-02  |r 2026-03-14 10:54:12  |s 2026-03-14  |w 2017-09-28  |x 95073  |y G 
952 |0 0  |1 0  |2 lcc  |4 0  |6 KSK0490 B355 02011  |7 0  |9 64854  |a DULS  |b DUA  |c GC  |d 2017-09-28  |g 0.00  |l 9  |m 1  |o KSK490.B355 2011  |p BK95075  |r 2026-03-17 18:01:26  |s 2026-03-17  |w 2017-09-28  |x 95075  |y RES 
952 |0 0  |1 0  |4 0  |6 KSK0490 B355 02011  |7 0  |9 64855  |a DULS  |b DULS  |c GC  |d 2017-09-28  |g 0.00  |l 1  |o KSK490.B355 2011  |p BK95074  |r 2021-12-16 00:00:00  |s 2021-09-14  |w 2017-09-28  |x 95074  |y G 
952 |0 0  |1 0  |4 0  |6 KSK0490 B355 02011  |7 0  |9 64856  |a DULS  |b DULS  |c GC  |d 2017-09-28  |g 0.00  |l 1  |m 2  |o KSK490.B355 2011  |p BK95072  |r 2021-12-16 00:00:00  |s 2021-10-19  |w 2017-09-28  |x 95072  |y G 
952 |0 0  |1 0  |4 0  |6 KSK0490 B355 02011  |7 0  |9 64857  |a DULS  |b DULS  |c GC  |d 2017-09-28  |g 0.00  |l 1  |m 2  |o KSK490.B355 2011  |p BK95076  |r 2022-12-07 00:00:00  |s 2022-10-21  |w 2017-09-28  |x 95076  |y G 
999 |c 34708  |d 34708